000
00194 a2200097 4500
001
3384
100
_a
T..R.L
245
_a
Text book of radar, a
260
_a
_b
Chapman
_c
090
_c
2661
_d
2661
942
_a
NUST-CAE
_c
M
_c
18458
999
_c
238457
_d
238457